| 000 | 01128nam a2200325 i 4500 | ||
|---|---|---|---|
| 005 | 20220317002030.0 | ||
| 007 | ta | ||
| 008 | 201111s2016 ck ||||jr|||| 00| pdspa d | ||
| 020 | _a9789582602338 | ||
| 040 |
_aCO-BoRNBP _bspa _erda _cCO-BoRNBP |
||
| 041 | _aspa | ||
| 084 | _aP LUQ1 | ||
| 100 | 1 |
_aLuque Ccota, Leoncio _d1964- _eautor |
|
| 245 | 1 | 0 |
_aDejo mi sombra _bentrega de memorias _cLeoncio Luque Ccota ; prologuista Isaías Peña Gutiérrez |
| 250 | _aPrimera edición | ||
| 264 | 1 |
_aBogotá _bEdiciones Universidad Central _c2016 |
|
| 300 |
_a73 páginas _c21 cm |
||
| 336 |
_2rdacontent _atexto _btxt |
||
| 337 |
_2rdamedia _asin mediación _bn |
||
| 338 |
_2rdacarrier _avolumen _bnc |
||
| 521 | _aRecomendado para público adulto | ||
| 545 | _aIncluye datos biográficos del autor en la solapa | ||
| 650 | 1 | 7 |
_aPoesía peruana _ySiglo XX _2LEMB |
| 650 | 1 | 7 |
_aLiteratura peruana _ySiglo XX _2LEMB |
| 650 | 1 | 7 |
_aAutores peruanos _ySiglo XX _2LEMB |
| 650 | 1 | 7 |
_aAimara _vPoesía _2LEMB |
| 650 | 1 | 7 |
_aMitología indígena _vPoesía _2LEMB |
| 700 | 1 |
_aPeña Gutiérrez, Isaías _epróloguista _990017 |
|
| 942 |
_2loc _cBKLIT |
||
| 999 |
_c8961 _d8961 |
||